00979nam a2200217 a 450000100100000000500170001000800410002702000150006804000250008310000320010824501390014026000720027930000210035149000400037250400320041250400730044471000540051783000680057195201050063999900170074400003920120201002031537.0130611s2004 dr 000 0 spa d a8400082273 aDO-SdBNPbspacBNPHU1 aDomínguez, César96538913aEl concepto de materia en la teoría literaria del medievo :bcreación, interpretación y transtextualidad /cCésar Domínguez. aMadrid :bConsejo Superior de Investigaciones Científicas,c2004. a230 p. ;c24 cm.1 aAnejos de Revista de literaturav62 aBibliografía : p. 213-230 aIncluye referencias bibliográficas y notas al pie de las páginas2 aInstituto de la Lengua Española, (CSIC),965388 0aConsejo Superior de Investigaciones Científicas, ;v60963734 0010718PDaGRbGRcCTd2013-06-13iLF1l0o p39201-10r2020-06-25w2020-06-25yLFPDZNo se presta c38691d38691